Diario íntimo y otros escritos de Soledad Acosta de Samper (Registro nro. 57763)

Detalles MARC
000 -ENCABEZADO
Número de control [NR] 01085nam a2200265Ia 4500
008 - DE LONGITUD FIJA DE DATOS DE ELEMENTOS - INFORMACIÓN GENERAL
Elementos de longitud fija [NR] 130821s2004 ck gr dspa
020 ## - NUMERO INTERNACIONAL NORMALIZADO PARA LIBROS [R]
Número Internacional Normalizado del libro [NR] 9588232333
040 ## - FUENTE DE CATALOGACION [NR]
Agencia de catalogación original [NR] Co-BoUCM
Idioma de catalogación [NR] spa
041 00 - CODIGO DE IDIOMA [R]
Código de idioma para texto/pista de sonido o título separado [R] Español
100 1# - ASIENTO PRINCIPAL--NOMBRE PERSONAL [NR]
Nombre personal [NR] Alzate, Carolina
ID Autoridad 164525
245 10 - MENCION DE TITULO [NR]
Título [NR] Diario íntimo y otros escritos de Soledad Acosta de Samper
Mención de responsabilidad, etc. [NR] Carolina Alzate
246 10 - FORMA VARIANTE DEL TITULO [R]
Título propiamente dicho/forma breve del título [NR] Beca de investigación en literatura
Parte restante del título [NR] ciudad de Bogotá 2003
250 ## - MENCION DE EDICION [NR]
Mención de edición [NR] Edición y notas de Carolina Alzate ; coordinación editorial María Bárbara Gómez Rincón.
260 ## - PUBLICACION, DISTRIBUCION, ETC. (PIE DE IMPRENTA) [R]
Lugar de publicación, distribución, etc. [R] Bogotá (Colombia)
Nombre del editor, distribuidor, etc. [R] Alcaldía Mayor de Bogotá D.C.
Fecha de publicación, distribución, etc. [R] 2004
300 ## - DESCRIPCION FISICA [R]
Extensión [R] 651 páginas
500 ## - NOTA GENERAL [R]
Nota general [NR] aBeca de investigadción en literatura - Ciudad de Bogotá 2003.
504 ## - NOTA DE BIBLIOGRAFIA, ETC. [R]
Nota de bibliografía, etc. [NR]
650 04 - ASIENTO SECUNDARIO DE MATERIA - TERMINO TEMATICO [R]
Término temático o nombre geográfico como elemento de entrada [NR] Diarios íntimos
9 (RLIN) 13194
650 04 - ASIENTO SECUNDARIO DE MATERIA - TERMINO TEMATICO [R]
Término temático o nombre geográfico como elemento de entrada [NR] Literatura
9 (RLIN) 18599
650 04 - ASIENTO SECUNDARIO DE MATERIA - TERMINO TEMATICO [R]
Término temático o nombre geográfico como elemento de entrada [NR] Mujeres en la literatura
Subdivisión geográfica [R] Colombia
Subdivisión cronológica [R] Siglo XX
9 (RLIN) 19920
700 1# - ASIENTO SECUNDARIO - NOMBRE PERSONAL [R]
Nombre personal [NR] Alzate Cadavid, Carolina
Fechas asociadas con el nombre [NR] 1965-
Término de relación [R]
9 (RLIN) 49972
700 1# - ASIENTO SECUNDARIO - NOMBRE PERSONAL [R]
Nombre personal [NR] Gómez Rincón, María Bárbara
Término de relación [R]
9 (RLIN) 159149
942 ## - ELEMENTOS DE ENTRADA AGREGADOS (KOHA)
Tipo de ítem principal el descrito en 300a Libro
Tema principal Literatura
Edición 1
Parte restante de la signatura top. A478d
Sistema de clasificación DEWEY
Clasificación 920
Existencias
Fecha de último préstamo Total préstamos Total Renewals Signatura topográfica Código de barras Última vez visto Ejemplar Price effective from Tipo de ítem Perdido Sistema de clasificación Dañado No prestable Tipo de ítem específico Suprimido Ubicación habitual Ubicación actual Localización Fecha de creación Forma de adquisición Costo
11/12/2024 11 5 920 A478d 100094376 09/12/2025 Ej.1 03/02/2013 Libro   DEWEY     Libro   Claustro Claustro 2do piso 28/02/2013 Donación 26000.00